| 000 | 01209cam a22003733a 4500 | ||
|---|---|---|---|
| 001 | 2515 | ||
| 005 | 20231213143119.0 | ||
| 020 | _a0439795680 (pbk.) | ||
| 020 | _a141564523X (BWI bdg.) | ||
| 020 | _a9780439795685 | ||
| 040 |
_aBKX _cBKX _dBAKER _dDLC _beng |
||
| 050 | 0 | 0 | _aMLCS 2006/45435 (P) |
| 082 | 0 | 4 |
_a813.6 _222 |
| 100 | 1 | _aLasky, Kathryn | |
| 245 | 1 | 4 |
_aThe first collier / _cby Kathryn Lasky |
| 250 | _aThis edition frist printing, April 2006 | ||
| 260 |
_aNew York : _bScholastic, _c2006 |
||
| 300 |
_a179 pages : _billustrations ; maps ; _c20 cm |
||
| 490 | 1 |
_aGuardians of Ga'hoole _vbook 9 |
|
| 505 | _aW | ||
| 520 | _aSoren and Coryn read the ancient legends of Ga'Hoole in order to find a way to prevent the victory of evil in their present world. | ||
| 521 | 0 |
_a850 _bLexile |
|
| 521 | 0 |
_aW _bRaz-Plus |
|
| 650 | 0 |
_aOwls _vJuvenile fiction. |
|
| 650 | 0 |
_aLegends _vJuvenile fiction. |
|
| 650 | 0 |
_aGood and evil _vJuvenile fiction. |
|
| 650 | 1 |
_aOwls _vFiction. |
|
| 650 | 1 |
_aFolklore _vFiction. |
|
| 650 | 1 |
_aGood and evil _vFiction. |
|
| 650 | 1 | _aFantasy. | |
| 655 | 7 |
_aFantasy fiction. _2gsafd |
|
| 906 |
_a7 _bcbc _ccopycat _d2 _encip _f20 _gy-gencatlg |
||
| 942 |
_2ddc _cBK _n0 |
||
| 999 |
_c2515 _d2515 |
||